[Event "Hannover-chA"]
[Site "Lehrte"]
[Date "2012.10.21"]
[Round "4"]
[White "Brannys, Peter"]
[Black "Glaschak, Joachim"]
[Result "1/2-1/2"]
[WhiteElo "1346"]
[BlackElo "1267"]
[PlyCount "34"]
[EventDate "2012.10.20"]
[EventType "swiss"]
[EventRounds "7"]
[EventCountry "GER"]
[SourceTitle "EXT 2021"]
[Source "ChessBase"]
[SourceDate "2020.10.23"]
[SourceVersion "1"]
[SourceVersionDate "2020.10.23"]
[SourceQuality "1"]

1. e4 e5 2. Nf3 d6 3. Bc4 h6 4. h3 Nf6 5. Nc3 c6 6. d4 exd4 7. Nxd4 b5 8. Bd3 a6 9. b3 c5 10. Nf3 Nbd7 11. Bf4 Bb7 12. Qe2 Be7 13. 0-0 0-0 14. Nh4 Qa5 15. Bd2 b4 16. Nf5 Rfe8 17. Na4 Bf8 1/2-1/2

[Event "Hannover-chA"]
[Site "Lehrte"]
[Date "2011.10.17"]
[Round "5"]
[White "Brannys, Peter"]
[Black "Klausberger, Wolfgang"]
[Result "1/2-1/2"]
[WhiteElo "1319"]
[BlackElo "1493"]
[PlyCount "48"]
[EventDate "2011.10.15"]
[EventType "tourn"]
[EventRounds "7"]
[EventCountry "GER"]
[SourceTitle "EXT 2021"]
[Source "ChessBase"]
[SourceDate "2020.10.23"]
[SourceVersion "1"]
[SourceVersionDate "2020.10.23"]
[SourceQuality "1"]

1. e4 d6 2. d4 Nf6 3. Nc3 g6 4. Bf4 Bg7 5. Nf3 0-0 6. Be2 Nbd7 7. Qd2 c5 8. d5 a6 9. a4 Re8 10. 0-0 Nf8 11. Rad1 Bg4 12. h3 Bxf3 13. Bxf3 N6d7 14. Rfe1 Ne5 15. Bxe5 Bxe5 16. Be2 Bd4 17. Bc4 e5 18. Ne2 Bxb2 19. c3 Ba3 20. Ra1 b5 21. axb5 axb5 22. Bxb5 Re7 23. Qd3 Ra5 24. Reb1 Rea7 1/2-1/2

[Event "Hannover-chA"]
[Site "Lehrte"]
[Date "2011.10.17"]
[Round "6"]
[White "Nagel, Detlev"]
[Black "Brannys, Peter"]
[Result "0-1"]
[WhiteElo "1420"]
[BlackElo "1319"]
[PlyCount "118"]
[EventDate "2011.10.15"]
[EventType "tourn"]
[EventRounds "7"]
[EventCountry "GER"]
[SourceTitle "EXT 2021"]
[Source "ChessBase"]
[SourceDate "2020.10.23"]
[SourceVersion "1"]
[SourceVersionDate "2020.10.23"]
[SourceQuality "1"]

1. Nf3 Nf6 2. b3 d5 3. Bb2 e6 4. e3 c5 5. Ba3 Be7 6. Bb2 0-0 7. Be2 Nc6 8. 0-0 Bd7 9. Bd3 Rc8 10. Nc3 Na5 11. Ne2 c4 12. Ne5 cxd3 13. cxd3 Nc6 14. Nf3 Nb4 15. Ne1 Bb5 16. Qb1 Nd7 17. a3 Nc6 18. b4 a5 19. a4 Bxa4 20. Rxa4 Bxb4 21. Bc3 Qb6 22. Nc2 Qb5 23. Ra1 Qxd3 24. Nf4 Qb5 25. Qb2 e5 26. Bxb4 exf4 27. Bc3 Qxb2 28. Bxb2 fxe3 29. fxe3 b6 30. Rf5 Ne7 31. Rg5 f6 32. Rg4 Rxc2 33. Ba3 Re8 34. Rd4 Nc5 35. Rd1 Rd8 36. Rb1 Nc8 37. Kf1 Ra2 38. Bc1 Rd6 39. Ke2 a4 40. Rdb4 Nb3 41. Bb2 Rc6 42. Kd3 Nd6 43. Bc3 Rxc3+ 44. Kxc3 Ne4+ 45. Rxe4 dxe4 46. g4 Kf7 47. h4 Kg6 48. Rf1 Nxd2 49. Rf5 Nf3 50. h5+ Kh6 51. Rb5 Ra3+ 52. Kc4 Ne5+ 53. Kd4 Rd3+ 54. Kxe4 Rb3 55. Rd5 Nxg4 56. Rd6 Rxe3+ 57. Kf4 Kxh5 58. Rxb6 g5+ 59. Kf5 Re5# 0-1

[Event "Hannover-ch U16"]
[Site "Lehrte"]
[Date "2010.10.11"]
[Round "5"]
[White "Brauer, Jan"]
[Black "Brannys, Peter"]
[Result "0-1"]
[WhiteElo "961"]
[BlackElo "1137"]
[PlyCount "120"]
[EventDate "2010.10.09"]
[EventType "swiss"]
[EventRounds "7"]
[EventCountry "GER"]
[SourceTitle "EXT 2021"]
[Source "ChessBase"]
[SourceDate "2020.10.23"]
[SourceVersion "1"]
[SourceVersionDate "2020.10.23"]
[SourceQuality "1"]

1. e4 e5 2. Nf3 Nc6 3. Bb5 d6 4. 0-0 Bg4 5. h3 Bxf3 6. Qxf3 Nf6 7. c3 a6 8. Ba4 b5 9. Bb3 Be7 10. d3 h6 11. Qg3 g5 12. Be3 Qd7 13. f3 Rg8 14. d4 Nh5 15. Qg4 Qxg4 16. fxg4 Nf4 17. Bxf4 gxf4 18. Bd5 Kd7 19. Bxf7 Rgf8 20. Bd5 Rad8 21. Nd2 Bf6 22. Nf3 Rfe8 23. Rfe1 Na7 24. Rad1 c6 25. Bb3 Kc7 26. a3 c5 27. d5 Rb8 28. Rc1 a5 29. Ba2 Rb6 30. b4 Ra6 31. bxc5 dxc5 32. c4 Kd6 33. Ra1 Rb8 34. Reb1 b4 35. a4 Rab6 36. Bb3 R6b7 37. Kf2 Rg8 38. g3 Re7 39. Rh1 Nc8 40. Rag1 Kd7 41. h4 Rxg4 42. Nh2 fxg3+ 43. Rxg3 Rxe4 44. Re3 Bxh4+ 45. Ke2 Rf4 46. Nf3 Bg5 47. Nxe5+ Kd6 48. Nc6 Rxe3+ 49. Kxe3 Rf1+ 50. Ke4 Rxh1 51. Nxa5 Re1+ 52. Kd3 Re3+ 53. Kc2 Rc3+ 54. Kb1 Kd7 55. Nb7 Rxb3+ 56. Kc2 Rc3+ 57. Kb2 Kc7 58. Nxc5 Bf6 59. Na6+ Kb6 60. Nxb4 Rxc4+ 0-1

[Event "Hannover-ch U14"]
[Site "Stadthagen"]
[Date "2009.10.05"]
[Round "6"]
[White "Edel, Fenja"]
[Black "Brannys, Peter"]
[Result "1/2-1/2"]
[WhiteElo "1368"]
[BlackElo "996"]
[PlyCount "99"]
[EventDate "2009.10.03"]
[EventType "swiss"]
[EventRounds "7"]
[EventCountry "GER"]
[SourceTitle "EXT 2021"]
[Source "ChessBase"]
[SourceDate "2020.10.23"]
[SourceVersion "1"]
[SourceVersionDate "2020.10.23"]
[SourceQuality "1"]

1. e4 c5 2. Nc3 Nc6 3. f4 d6 4. Nf3 g6 5. Bc4 Bg7 6. d3 Nf6 7. 0-0 a6 8. a4 Bg4 9. Qe1 Bxf3 10. Rxf3 e5 11. Rf1 0-0 12. Qh4 Re8 13. Bb3 Nd4 14. Ra3 Rb8 15. Be3 Nxb3 16. Rxb3 Qd7 17. Ra3 b5 18. axb5 axb5 19. Nd5 Nxd5 20. exd5 Qb7 21. fxe5 Bxe5 22. d4 cxd4 23. Bxd4 Bxd4+ 24. Qxd4 Re5 25. Ra7 Qxd5 26. Qxd5 Rxd5 27. Raxf7 Rd2 28. R7f2 Rd5 29. h3 Re8 30. Kh2 Rde5 31. Kg1 Re2 32. Rxe2 Rxe2 33. Rf2 Re5 34. Kf1 Kg7 35. Rd2 d5 36. Re2 Re4 37. Rxe4 dxe4 38. Ke2 Kf6 39. Ke3 Kf5 40. b3 h5 41. c4 bxc4 42. bxc4 Ke5 43. c5 Kd5 44. c6 Kxc6 45. Kxe4 Kd6 46. Kf4 Ke6 47. Kg5 Kf7 48. g3 Kg7 49. g4 hxg4 50. hxg4 1/2-1/2

[Event "Hannover-ch U14"]
[Site "Lehrte"]
[Date "2008.10.12"]
[Round "4"]
[White "Wolf, Felix"]
[Black "Brannys, Peter"]
[Result "1-0"]
[WhiteElo "1477"]
[BlackElo "944"]
[PlyCount "93"]
[EventDate "2008.10.11"]
[EventType "swiss"]
[EventRounds "7"]
[EventCountry "GER"]
[SourceTitle "EXT 2021"]
[Source "ChessBase"]
[SourceDate "2020.10.23"]
[SourceVersion "1"]
[SourceVersionDate "2020.10.23"]
[SourceQuality "1"]

1. d4 d5 2. Nf3 Nf6 3. g3 Bg4 4. Ne5 e6 5. Bg2 Bd6 6. Bg5 Bf5 7. h4 Nbd7 8. Bf4 Ne4 9. Nd2 Nxd2 10. Qxd2 f6 11. Nf3 Qe7 12. Nh2 Nb6 13. 0-0 e5 14. dxe5 fxe5 15. Bg5 Qe6 16. Qc3 h6 17. Bd2 0-0-0 18. a4 Nc4 19. Rfd1 Nxd2 20. Rxd2 Be7 21. Rad1 d4 22. Qf3 c6 23. e4 Bh3 24. g4 Bxg2 25. Kxg2 Bxh4 26. Qf5 Qxf5 27. gxf5 Bg5 28. Rd3 Rhf8 29. Nf3 Bf4 30. Nh4 Rf7 31. Ng6 Bg5 32. f4 Bxf4 33. Nxf4 exf4 34. Rxd4 Rxd4 35. Rxd4 Rf6 36. Kf3 g5 37. Kg4 c5 38. Rd5 b6 39. e5 Rf8 40. e6 Kc7 41. Rd7+ Kc8 42. Rf7 Re8 43. Rxa7 f3 44. Kxf3 h5 45. Ra8+ Kc7 46. Rxe8 h4 47. f6 1-0

[Event "Hannover-ch U14"]
[Site "Lehrte"]
[Date "2008.10.11"]
[Round "2"]
[White "Mueller, Christian6666"]
[Black "Brannys, Peter"]
[Result "0-1"]
[WhiteElo "990"]
[BlackElo "944"]
[PlyCount "164"]
[EventDate "2008.10.11"]
[EventType "swiss"]
[EventRounds "7"]
[EventCountry "GER"]
[SourceTitle "EXT 2021"]
[Source "ChessBase"]
[SourceDate "2020.10.23"]
[SourceVersion "1"]
[SourceVersionDate "2020.10.23"]
[SourceQuality "1"]

1. e4 e5 2. Nf3 Nc6 3. Bc4 d6 4. c3 Nf6 5. d3 Bg4 6. h3 Bxf3 7. Qxf3 Be7 8. Nd2 Na5 9. Bb5+ c6 10. Ba4 b5 11. Bc2 a6 12. Nf1 c5 13. b4 cxb4 14. cxb4 Nc6 15. a3 Nd4 16. Qd1 Rc8 17. Ne3 Qd7 18. Bb2 g6 19. Bxd4 exd4 20. Nd5 Nxd5 21. exd5 Qf5 22. Bb3 Qe5+ 23. Qe2 Qxe2+ 24. Kxe2 0-0 25. Kd2 Rfe8 26. Rhe1 Bg5+ 27. Kd1 Rxe1+ 28. Kxe1 Rc3 29. Bd1 Rxd3 30. Ra2 Bc1 31. a4 Ba3 32. axb5 axb5 33. Ke2 Rc3 34. Rd2 Rc4 35. Rd3 Bxb4 36. Rb3 Kg7 37. Kd3 Rc3+ 38. Kxd4 Rxb3 39. Bxb3 Be1 40. f4 Kf6 41. Ke4 Bg3 42. Kf3 Be1 43. g4 Bh4 44. g5+ Bxg5 45. fxg5+ Kxg5 46. Ke4 f5+ 47. Kf3 f4 48. Kg2 h5 49. Kf3 Kf5 50. Bc2+ Kg5 51. Bxg6 Kxg6 52. Kxf4 b4 53. Ke3 h4 54. Kd3 Kg5 55. Kc4 Kf4 56. Kxb4 Kg3 57. Kb5 Kxh3 58. Kc6 Kg2 59. Kxd6 h3 60. Kc7 h2 61. d6 h1Q 62. d7 Qh2+ 63. Kc8 Qh3 64. Kc7 Qg3+ 65. Kc8 Qg4 66. Kc7 Qf4+ 67. Kc8 Qf5 68. Kc7 Qe5+ 69. Kc8 Qe6 70. Kc7 Qe7 71. Kc8 Qc5+ 72. Kd8 Kg3 73. Ke8 Qe5+ 74. Kd8 Kf4 75. Kc8 Qc5+ 76. Kd8 Ke5 77. Ke8 Qc6 78. Ke7 Qe6+ 79. Kd8 Kd6 80. Kc8 Qxd7+ 81. Kb8 Kc6 82. Ka8 Qb7# 0-1

[Event "Niedersachsen-chT U12"]
[Site "Verden an der Aller"]
[Date "2008.05.01"]
[Round "4.3"]
[White "Brannys, Peter"]
[Black "Hapke, Moritz"]
[Result "0-1"]
[WhiteElo "790"]
[BlackElo "887"]
[PlyCount "32"]
[EventDate "2008.05.01"]
[EventType "team"]
[EventRounds "7"]
[EventCountry "GER"]
[SourceTitle "EXT 2009"]
[Source "ChessBase"]
[SourceDate "2008.11.26"]
[SourceVersion "1"]
[SourceVersionDate "2008.11.26"]
[SourceQuality "1"]

1. e4 e5 2. Nf3 Nc6 3. Bb5 a6 4. Bxc6 dxc6 5. 0-0 Nf6 6. Nxe5 Nxe4 7. Re1 Qd4 8. Nf3 Qxf2+ 9. Kh1 Bf5 10. d3 0-0-0 11. dxe4 Rxd1 12. Rxd1 Bxe4 13. Bg5 f6 14. Bd2 Bxf3 15. gxf3 Qxf3+ 16. Kg1 Bc5+ 0-1